Estadísticas para La Selección Peruana - Mundial 2018

Haz click aquí para intentar la prueba.

Estadísticas generales

  • Esta prueba ha sido intentada 172 veces
  • La puntuación promedio es 16 de 23

Estadísticas de respuestas

PosiciónRespuesta% Correcto
DelPaolo Guerrero
96%
ArqPedro Gallese
94%
MedChristian Cueva
90%
DelJefferson Farfán
90%
DefLuis Advíncula
88%
DelAndré Carrillo
85%
MedEdison Flores
80%
DefAldo Corzo
79%
MedYoshimar Yotún
77%
MedRenato Tapia
74%
ArqCarlos Cáceda
72%
DefChristian Ramos
71%
DefMiguel Trauco
70%
DefAlberto Rodríguez
69%
DelRaúl Ruidíaz
68%
ArqJosé Carvallo
63%
DefAnderson Santamaría
62%
DelAndy Polo
53%
MedPedro Aquino
53%
DefMiguel Araujo
52%
DefNilson Loyola
45%
MedPaolo Hurtado
45%
MedWilder Cartagena
42%

Distribución de puntuación

Porcentaje por número respondido

Porcentaje de gente con cada puntuación

Historial de tus puntuaciones

No has intentado esta prueba.